LEADER 01207nam a2200289 u 4500 001 000000002127 003 CaOOAMICUS 005 20070226104405.0 008 940527s1982 gw u000 u grc u 035 $a10053736 040 $aPUL$bita 041 0 $agrc$ager 130 0 $aBiblia.$pV.T.$pNumeri.$lGreco.$0(OLS)http://pul/title/3159 245 10$aNumeri /$cedidit John William Wevers ; adiuvante U. Quast. 260 $aGöttingen :$bVandenhoeck & Ruprecht,$c1982. 300 $a443 p. ;$c24 cm 490 1 $aSeptuaginta : Vetus Testamentum Graecum ;$v3, 1 630 04$aBiblia.$pV.T.$pNumeri$xCritica, interpretazione, ecc.$0(OLS)http://pul/subject/1986 700 1 $aQuast, Udo.$0(OLS)http://pul/name/215 700 1 $aWevers, John William.$0(OLS)http://pul/name/214 830 0$aSeptuaginta : Vetus Testamentum Graecum ;$v3, 1.$0(OLS)http://pul/title/267 850 $aPUL 852 $aPUL$W1$xSL Religione 1$y3$m5 R 3(1)$j2824$nBK-PRI$b $qStampati$B2824$CPULBib$Z2$F2824 $H $81 941 1 $a8 961 $aINV: 82674 996 $6245$aNumeri$9(OLS)http://pul/title/3160 996 $6260$aGöttingen :$bVandenhoeck & Ruprecht$9(OLS)http://pul/publisher/47973 LEADER 01079naa a2200193 u 4500 001 000000094643 003 CaOOAMICUS 005 20070226130139.0 008 040510s1959 it u000 u ita u 035 $a10994293 040 $aIAR$bita 100 1 $aMor, Carlo Guido,$d1903-$0(OLS)http://pul/name/18180 245 10$aConsiderazioni minime sulle istituzioni giuridiche dell'Italia meridionale bizantina e longobarda /$cCarlo Guido Mor. 260 $aSpoleto :$bCentro italiano di studi sull'alto Medioevo,$c1959. 300 $aS. 139-154, ;$c26 cm 773 0 $aAtti del 3. Congresso Internazionale di Studi sull0Alto Medioeva (1956) 773 0 $aCongresso internazionale di studi sull'alto Medioevo.$tAtti del 3. Congresso internazionale di studi sull'alto Medioevo : Benevento, Montevergine, Salerno, Amalfi, 14-18 ottobre 1956$w()15959 996 $6245$aConsiderazioni minime sulle istituzioni giuridiche dell'Italia meridionale bizantina e longobarda$9(OLS)http://pul/title/121514 996 $6260$aSpoleto :$bCentro italiano di studi sull'alto Medioevo$9(OLS)http://pul/publisher/48572